[Event "Bremen Silvester op"]
[Site "Bremen"]
[Date "2019.12.30"]
[Round "7"]
[White "Mars, Fiona"]
[Black "Lambers, Gabriel"]
[Result "1/2-1/2"]
[WhiteElo "1822"]
[BlackElo "1629"]
[PlyCount "64"]
[EventDate "2019.12.27"]
[EventType "swiss"]
[EventRounds "7"]
[EventCountry "GER"]
[SourceTitle "CBM 194 Extra"]
[Source "ChessBase"]
[SourceDate "2020.03.31"]
[SourceVersion "1"]
[SourceVersionDate "2020.03.31"]
[SourceQuality "1"]

1. Nf3 c5 2. c4 Nf6 3. e3 Nc6 4. d4 cxd4 5. exd4 d5 6. Nc3 Bg4 7. cxd5 Nxd5 8. Bc4 e6 9. Nxd5 exd5 10. Be2 Bb4+ 11. Bd2 Bxd2+ 12. Qxd2 0-0 13. 0-0 Qf6 14. Rad1 Rfe8 15. Rfe1 Re6 16. Ne5 Bxe2 17. Rxe2 Rae8 18. f4 Qd8 19. f5 R6e7 20. Nxc6 bxc6 21. Rxe7 Rxe7 22. Qc3 Qb6 23. Kf2 f6 24. Rd2 Qc7 25. g3 Qd7 26. Qf3 Re4 27. Kg2 Qe7 28. Qc3 Re1 29. Qd3 Re3 30. Qc2 Re1 31. Qd3 Re3 32. Qc2 Re1 1/2-1/2

[Event "Prague Summer op-B 6th"]
[Site "Prague"]
[Date "2019.08.04"]
[Round "3"]
[White "Mares, Matej"]
[Black "Mars, Fiona"]
[Result "0-1"]
[WhiteElo "1569"]
[BlackElo "1842"]
[PlyCount "106"]
[EventDate "2019.08.02"]
[EventType "swiss"]
[EventRounds "9"]
[EventCountry "CZE"]
[SourceTitle "EXT 2020"]
[Source "ChessBase"]
[SourceDate "2019.10.17"]
[SourceVersion "1"]
[SourceVersionDate "2019.10.17"]
[SourceQuality "1"]

1. e4 g6 2. d4 Bg7 3. Nf3 c5 4. Nc3 Qa5 5. Be3 b6 6. Qd2 Nf6 7. h3 Ba6 8. Bxa6 Qxa6 9. dxc5 bxc5 10. e5 Ng8 11. Bxc5 Nc6 12. 0-0-0 Qb7 13. Rhe1 Rb8 14. b3 d6 15. exd6 Rd8 16. Kb1 Nf6 17. Qe3 0-0 18. dxe7 Rxd1+ 19. Rxd1 Re8 20. Re1 Nd7 21. Ba3 Nb6 22. Qd3 Qc7 23. Nb5 Qf4 24. Nd6 Qf6 25. c3 Rxe7 26. Ne4 Qf5 27. Bxe7 Nxe7 28. Kb2 Nbd5 29. Qe2 Qc8 30. Nd4 Nf5 31. Rd1 Nxd4 32. cxd4 f5 33. Nc5 Qxc5 34. Qe6+ Kh8 35. Qe8+ Qf8 36. Qxf8+ Bxf8 37. Rc1 Kg8 38. f3 Bg7 39. Rc8+ Kf7 40. Rb8 Bxd4+ 41. Ka3 Kf6 42. Rb7 h5 43. g4 fxg4 44. fxg4 h4 45. Rd7 Ke6 46. Rh7 g5 47. Rh5 Kf6 48. Rh6+ Ke5 49. Rg6 Kf4 50. Ka4 Nc3+ 51. Kb4 Ne4 52. Kc4 Bg1 53. a4 Nf2 0-1

[Event "Prague Summer op-B 6th"]
[Site "Prague"]
[Date "2019.08.03"]
[Round "2"]
[White "Mars, Fiona"]
[Black "Hema, Keertana Vemuri"]
[Result "1-0"]
[WhiteElo "1842"]
[BlackElo "1611"]
[PlyCount "109"]
[EventDate "2019.08.02"]
[EventType "swiss"]
[EventRounds "9"]
[EventCountry "CZE"]
[SourceTitle "EXT 2020"]
[Source "ChessBase"]
[SourceDate "2019.10.17"]
[SourceVersion "1"]
[SourceVersionDate "2019.10.17"]
[SourceQuality "1"]

1. Nf3 Nf6 2. e3 e6 3. d4 b6 4. Be2 Bb7 5. 0-0 Be7 6. b3 0-0 7. Bb2 c5 8. Nbd2 d5 9. Ne5 Nbd7 10. Ndf3 Ne4 11. Bb5 Nxe5 12. Nxe5 a6 13. Bc6 Qc7 14. Bxb7 Qxb7 15. f3 Nd6 16. Qe2 f6 17. Nd3 c4 18. Nf2 Rac8 19. e4 c3 20. Ba3 b5 21. Nd3 Nf7 22. Bxe7 Qxe7 23. exd5 Qa7 24. dxe6 Qxd4+ 25. Qf2 Qxf2+ 26. Rxf2 Ng5 27. Re2 Rfe8 28. Rae1 Rc6 29. f4 Rcxe6 30. Rxe6 Nxe6 31. f5 Nc7 32. Rxe8+ Nxe8 33. Nb4 a5 34. Nc6 Nd6 35. g4 Nb7 36. a3 Kf7 37. b4 axb4 38. axb4 g6 39. Kf2 gxf5 40. gxf5 Nd6 41. Nd4 Kg7 42. Ke3 Kh6 43. Kd3 Kg5 44. Kxc3 Nxf5 45. Nxb5 Ne3 46. Nd4 f5 47. b5 Kf4 48. Kd3 Ng4 49. b6 Ne5+ 50. Ke2 Nd7 51. b7 Nb8 52. Kd3 Ke5 53. c4 h6 54. c5 Kd5 55. c6 1-0

[Event "Vaujany op-B 8th"]
[Site "Vaujany"]
[Date "2017.07.20"]
[Round "8.1"]
[White "Skomorokhina, Ekaterina"]
[Black "Mars, Fiona"]
[Result "1-0"]
[WhiteElo "1812"]
[BlackElo "1733"]
[PlyCount "66"]
[EventDate "2017.07.13"]
[EventType "swiss"]
[EventRounds "9"]
[EventCountry "FRA"]
[SourceTitle "EXT 2020"]
[Source "ChessBase"]
[SourceDate "2019.10.17"]
[SourceVersion "1"]
[SourceVersionDate "2019.10.17"]
[SourceQuality "1"]

1. d4 c5 2. c3 d5 3. Bf4 Qb6 4. Qc2 Nc6 5. e3 Nf6 6. Nf3 Bg4 7. Nbd2 Rc8 8. Bd3 e6 9. h3 c4 10. Be2 Bf5 11. Qc1 h6 12. 0-0 Qd8 13. b3 b5 14. b4 Ne4 15. Nxe4 Bxe4 16. a4 a6 17. axb5 axb5 18. Qa3 g5 19. Bg3 h5 20. Qa6 Be7 21. Qxb5 f6 22. Ra6 Qd7 23. Nd2 Bg6 24. Rfa1 Bd8 25. Ra8 Rxa8 26. Rxa8 Kf7 27. Ra6 Ne5 28. Qb8 Nc6 29. Qa8 Ne7 30. Qa7 Qxa7 31. Rxa7 Kf8 32. Bd6 Rh7 33. Bd1 Be8 1-0

[Event "Vaujany op-B 8th"]
[Site "Vaujany"]
[Date "2017.07.18"]
[Round "6.1"]
[White "De Muyser, Xavier"]
[Black "Mars, Fiona"]
[Result "0-1"]
[WhiteElo "1751"]
[BlackElo "1733"]
[PlyCount "70"]
[EventDate "2017.07.13"]
[EventType "swiss"]
[EventRounds "9"]
[EventCountry "FRA"]
[SourceTitle "EXT 2020"]
[Source "ChessBase"]
[SourceDate "2019.10.17"]
[SourceVersion "1"]
[SourceVersionDate "2019.10.17"]
[SourceQuality "1"]

1. e4 e5 2. Nc3 Nc6 3. Nf3 Nf6 4. d4 d6 5. Bb5 Bd7 6. d5 Ne7 7. Bc4 Ng6 8. Bg5 Be7 9. Qd2 h6 10. Be3 Ng4 11. 0-0-0 a6 12. a4 b5 13. Bb3 0-0 14. axb5 axb5 15. Qe2 Nxe3 16. fxe3 Qb8 17. Rdf1 b4 18. Nb1 Ba4 19. Nbd2 Bxb3 20. Nxb3 Qb6 21. h4 c5 22. h5 Nh8 23. Nfd2 Bg5 24. Nf3 c4 25. Qxc4 Bxe3+ 26. Nfd2 Rfc8 27. Qd3 Rc7 28. Kd1 Bxd2 29. Kxd2 Ra2 30. Kc1 Ra8 31. Kd2 f6 32. g4 Nf7 33. Rh2 Ng5 34. Ra1 Rxa1 35. Nxa1 Qg1 0-1

[Event "Salon de Provence op 7th"]
[Site "Salon de Provence"]
[Date "2016.07.11"]
[Round "4"]
[White "Mars, Fiona"]
[Black "Charvein, Gabriel"]
[Result "0-1"]
[WhiteElo "1706"]
[BlackElo "1951"]
[PlyCount "66"]
[EventDate "2016.07.09"]
[EventType "swiss"]
[EventRounds "9"]
[EventCountry "FRA"]
[SourceTitle "EXT 2019"]
[Source "ChessBase"]
[SourceDate "2018.10.10"]
[SourceVersion "1"]
[SourceVersionDate "2018.10.10"]
[SourceQuality "1"]

1. e4 c5 2. d4 e6 3. Nf3 Nf6 4. Nc3 cxd4 5. Nxd4 d6 6. Bc4 a6 7. 0-0 b5 8. Bd3 Bb7 9. Qe2 Nbd7 10. Nf3 b4 11. Nb1 Nc5 12. Nbd2 Be7 13. a3 Nxd3 14. Qxd3 bxa3 15. Rxa3 d5 16. Rb3 Qc7 17. Re1 dxe4 18. Nxe4 Bxe4 19. Rxe4 Nxe4 20. Qxe4 Rd8 21. Bd2 0-0 22. Rc3 Qa5 23. Ra3 Qb5 24. Rb3 Qd5 25. Qe2 Rc8 26. Bc3 Rfd8 27. Kf1 Rc4 28. Qe5 Qd1+ 29. Ne1 Bf6 30. Qg3 Bxc3 31. Rxc3 Rxc3 32. Qxc3 h6 33. Qa5 Rd5 0-1

[Event "FRA-ch U18 Girls"]
[Site "Gonfreville"]
[Date "2016.??.??"]
[Round "2"]
[White "Auvray, Honorine"]
[Black "Mars, Fiona"]
[Result "1-0"]
[WhiteElo "2119"]
[BlackElo "1740"]
[PlyCount "67"]
[EventDate "2016.04.22"]
[EventType "swiss"]
[EventRounds "9"]
[EventCountry "FRA"]
[SourceTitle "EXT 2019"]
[Source "ChessBase"]
[SourceDate "2018.10.10"]
[SourceVersion "1"]
[SourceVersionDate "2018.10.10"]
[SourceQuality "1"]

1. g3 g6 2. Bg2 Bg7 3. e4 d6 4. Ne2 Nf6 5. 0-0 0-0 6. d3 c5 7. f4 Qb6 8. Kh1 Nc6 9. h3 Bd7 10. Nd2 Qc7 11. g4 b5 12. c3 Rab8 13. Ng3 Qc8 14. Kh2 b4 15. g5 Ne8 16. c4 a5 17. Nf3 Nc7 18. Rb1 Ne6 19. f5 Ned4 20. f6 Nxf3+ 21. Qxf3 Ne5 22. Qd1 exf6 23. gxf6 Bh8 24. Bg5 Re8 25. Ne2 Qd8 26. Nf4 h6 27. Bxh6 Qxf6 28. Nd5 Ng4+ 29. Kg3 Qd8 30. hxg4 g5 31. Qf3 Be5+ 32. Kh3 Kh7 33. Qxf7+ Kxh6 34. Qh5+ 1-0

[Event "FRA-ch U16 Girls"]
[Site "Pau"]
[Date "2015.04.27"]
[Round "2"]
[White "Broly, Mathilde"]
[Black "Mars, Fiona"]
[Result "1-0"]
[WhiteElo "1885"]
[BlackElo "1569"]
[PlyCount "39"]
[EventDate "2015.04.26"]
[EventType "swiss"]
[EventRounds "9"]
[EventCountry "FRA"]
[SourceTitle "CBM 166 Extra"]
[Source "ChessBase"]
[SourceDate "2015.06.18"]
[SourceVersion "1"]
[SourceVersionDate "2015.06.18"]
[SourceQuality "1"]

1. c4 Nf6 2. g3 c6 3. Bg2 d5 4. Nf3 dxc4 5. a4 e6 6. Qc2 Qd5 7. 0-0 e5 8. Nc3 Qc5 9. b3 Be6 10. bxc4 Qxc4 11. Nxe5 Qd4 12. Nf3 Qd7 13. Ng5 Bf5 14. e4 Bg6 15. Re1 Bc5 16. d4 Bxd4 17. Ba3 Ng4 18. Nh3 Bf6 19. Rad1 Qc7 20. Nb5 1-0